| 000 | 00574nam a2200205Ia 4500 | ||
|---|---|---|---|
| 003 | OSt | ||
| 005 | 20241005092539.0 | ||
| 008 | 210210b1953 xxu||||| |||| 00| 0 eng d | ||
| 040 | _cAL | ||
| 041 | _akan | ||
| 082 | _a859/662 | ||
| 100 |
_aTIRUKA _9144845 _d ತಿರುಕ |
||
| 245 |
_aChiteyo samadhiyo?: _bಚಿಂತೆಯೋ ಸಮಾಧಿಯೋ |
||
| 260 |
_aBengaLUru _bAnatha Sevashrama Vishvastha Samithi., _c1953 |
||
| 650 |
_asamadhiyo? _9144846 |
||
| 650 |
_aChiteyo _9144847 |
||
| 690 |
_aKannada Fiction _9144848 |
||
| 906 | _a021514 | ||
| 942 |
_2ddc _cBK |
||
| 999 |
_c145602 _d145602 |
||